[Event "2nd Norway Chess 2014"]
[Site "Stavanger NOR"]
[Date "2014.06.12"]
[Round "8.3"]
[White "Grischuk,A"]
[Black "Giri,A"]
[Result "1/2-1/2"]
[WhiteElo "2792"]
[BlackElo "2752"]

1.c4 c5 2.Nc3 g6 3.e3 Nf6 4.d4 Bg7 5.d5 O-O 6.Nf3 d6 7.h3 e6 8.Bd3 exd5 9.cxd5 Re8
10.O-O Nbd7 11.Re1 a6 12.a4 Nh5 13.Be2 f5 14.Rb1 h6 15.Nd2 Ne5 16.f4 Nf7
17.Bxh5 gxh5 18.Qxh5 b5 19.Nf3 Bd7 20.Ne2 Nh8 21.axb5 axb5 22.b4 cxb4 23.Ng3 Rf8
24.Nd4 Bxd4 25.exd4 Qf6 26.Rxb4 Rfe8 27.Rxe8+ Rxe8 28.Kh2 Kh7 29.Rb3 Rc8
30.Ra3 Rxc1 31.Ra7 Qf7 32.Qxf7+ Nxf7 33.Rxd7 Kg6 34.Re7 b4 35.Re6+ Kh7 36.Re7 Kg6
37.Re6+ Kh7 38.Nxf5 b3 39.Re2 h5 40.Rb2 Rc3 41.Ng3 Kg6 42.f5+ Kh6 43.Ne2 Rc2
44.Rxc2 bxc2 45.Kg3 Kg5 46.Kf3 Nh6 47.f6 Kxf6 48.Ke3 Nf5+ 49.Kd2 Kg5 50.g3 h4
51.g4 Nh6 52.Kxc2 Nxg4 53.hxg4 Kxg4 54.Ng1 Kg3 55.Kd2 Kf2 56.Nh3+ Kg3 57.Ng1 Kf2
58.Nh3+ Kg3 59.Ng5 Kf4 60.Ne6+ Ke4 61.Ng5+ Kxd4 62.Nf3+ Ke4 63.Nxh4 Ke5 64.Kd3 Kxd5
65.Nf5 Kc5 66.Nxd6  1/2-1/2

[Event "2nd Norway Chess 2014"]
[Site "Stavanger NOR"]
[Date "2014.06.12"]
[Round "8.5"]
[White "Karjakin,Sergey"]
[Black "Kramnik,V"]
[Result "1-0"]
[WhiteElo "2771"]
[BlackElo "2783"]

1.c4 e6 2.Nc3 d5 3.d4 Nf6 4.cxd5 exd5 5.Bg5 c6 6.e3 h6 7.Bh4 Be7 8.Bd3 O-O
9.Qc2 Nh5 10.Bxe7 Qxe7 11.Nf3 Nf4 12.Bf1 Nd7 13.O-O-O Ng6 14.h4 Qf6 15.Bd3 Nb6
16.h5 Ne7 17.Rh4 Bf5 18.Bxf5 Qxf5 19.Qxf5 Nxf5 20.Rf4 Nd6 21.Ne5 Rae8 22.Rh1 Re7
23.Kc2 Rfe8 24.b3 a5 25.a4 Na8 26.Nd3 Nc7 27.Rg4 Na6 28.Rf4 Ne4 29.Kb2 Kh7
30.Nxe4 dxe4 31.Ne5 Nb4 32.Rf5 c5 33.Rd1 cxd4 34.exd4 Rd8 35.Nc4 Nd3+ 36.Kc3 g6
37.Rxa5 Nxf2 38.Re1 gxh5 39.d5 e3 40.Kc2 Ng4 41.d6 Re6 42.Ra7 Rf6 43.Re2 b6
44.Rb7 Rdxd6 45.Nxd6 Rxd6 46.Rxf7+ Kg6 47.Rf1 Kg5 48.b4 h4 49.Kc3 Nf2 50.Rxe3 Nd1+
51.Rxd1 Rxd1 52.Re5+ Kg4 53.Re6 Rc1+ 54.Kb3 Kh5 55.Rxb6 Rg1 56.a5 Rxg2 57.a6 Rg3+
58.Kc4 Rg4+ 59.Kd3 Rg8 60.Rb5+ Kg4 61.Ra5 h3 62.Ra2 Ra8 63.b5 h5 64.Ke3 Kg3
65.a7 h2 66.Rxh2 Kxh2 67.b6 Kh3 68.b7 Rxa7 69.b8=Q Rg7 70.Qe5 Rg3+ 71.Kf2 h4
72.Qe4  1-0

[Event "2nd Norway Chess 2014"]
[Site "Stavanger NOR"]
[Date "2014.06.12"]
[Round "8.1"]
[White "Agdestein,S"]
[Black "Topalov,V"]
[Result "0-1"]
[WhiteElo "2628"]
[BlackElo "2772"]

1.c4 e5 2.Nc3 Nf6 3.Nf3 Nc6 4.g3 Bb4 5.Nd5 Bc5 6.Bg2 O-O 7.O-O d6 8.e3 a6
9.b3 Ba7 10.Bb2 Nxd5 11.cxd5 Ne7 12.Nh4 f5 13.f4 e4 14.g4 Nxd5 15.Nxf5 Bxf5
16.gxf5 Qe7 17.Kh1 Nf6 18.d3 c6 19.dxe4 Nxe4 20.Qc2 Rae8 21.Rg1 Nf6 22.Rae1 Qf7
23.e4 d5 24.Bxf6 Bxg1 25.Be5 Ba7 26.exd5 cxd5 27.Qd3 Rd8 28.Rc1 Rd7 29.Bh3 Re7
30.Qg3 Kh8 31.Rc2 Bb8 32.Bg4 d4 33.Kg1 d3 34.Rd2 Qd5 35.Rxd3 Ba7+ 36.Kf1 Qh1+
37.Ke2 Qe4+ 38.Kd1 Bb8 39.Qf3 Qxf3+ 40.Bxf3 Bxe5 41.fxe5 Rxe5 42.Bxb7 Rexf5
43.a4 a5 44.h3 Rf2 45.Ba6 g5  0-1

[Event "2nd Norway Chess 2014"]
[Site "Stavanger NOR"]
[Date "2014.06.13"]
[Round "9.5"]
[White "Giri,A"]
[Black "Svidler,P"]
[Result "1/2-1/2"]
[WhiteElo "2752"]
[BlackElo "2753"]

1.Nf3 Nf6 2.c4 c5 3.Nc3 Nc6 4.d4 cxd4 5.Nxd4 Qb6 6.Nb3 e6 7.a3 Be7 8.e4 O-O
9.Be2 Qc7 10.Be3 b6 11.f4 Bb7 12.O-O d6 13.Rc1 Rad8 14.Bf3 Qb8 15.Nd2 Rfe8
16.Bf2 Bf8 17.Bh4 Be7 18.Bf2 Bf8 19.Bh4 Be7 20.Bf2  1/2-1/2

[Event "2nd Norway Chess 2014"]
[Site "Stavanger NOR"]
[Date "2014.06.13"]
[Round "9.4"]
[White "Kramnik,V"]
[Black "Grischuk,A"]
[Result "0-1"]
[WhiteElo "2783"]
[BlackElo "2792"]

1.d4 Nf6 2.c4 g6 3.Nc3 d5 4.cxd5 Nxd5 5.e4 Nxc3 6.bxc3 Bg7 7.Nf3 c5 8.Be3 Qa5
9.Qd2 O-O 10.Rc1 Bg4 11.d5 Nd7 12.c4 Qa3 13.Be2 Bxf3 14.Bxf3 Bd4 15.Bxd4 cxd4
16.O-O Ne5 17.Qxd4 Nxf3+ 18.gxf3 Qxf3 19.Rc3 Qe2 20.f4 Qxa2 21.f5 b6 22.e5 Qb2
23.Kh1 Qe2 24.Rf2 Qe1+ 25.Kg2 Rac8 26.Rf1 Qe2+ 27.Rf2 Qe1 28.Rg3 Qb4 29.d6 Rxc4
30.Qd3 Rg4 31.d7 Rd4 32.Qf3 e6 33.f6 Rxd7 34.Qe3 Rfd8 35.Qh6 Qf8 36.Qg5 h6
37.Qe3 Kh7 38.Rh3 h5 39.Rg3 Qh6 40.Rg5 Rd3  0-1

[Event "2nd Norway Chess 2014"]
[Site "Stavanger NOR"]
[Date "2014.06.13"]
[Round "9.2"]
[White "Carlsen,M"]
[Black "Agdestein,S"]
[Result "1-0"]
[WhiteElo "2881"]
[BlackElo "2628"]

1.d4 Nf6 2.c4 e6 3.Nf3 b6 4.g3 Ba6 5.b3 d5 6.Bg2 Bb4+ 7.Bd2 Bd6 8.Nc3 O-O
9.O-O dxc4 10.Ne5 c6 11.bxc4 Qc7 12.Bf4 Bb7 13.Rc1 Nh5 14.Ne4 Nxf4 15.gxf4 c5
16.Qd3 Bxe5 17.Ng5 g6 18.Qh3 h5 19.dxe5 Nc6 20.Ne4 Nd4 21.Nf6+ Kg7 22.Rfe1 Nf5
23.Rc3 Rh8 24.Rd1 Rad8 25.Rcd3 Rd4 26.e3 Rxd3 27.Rxd3 Bxg2 28.Qxg2 Rd8 29.Kf1 Kf8
30.Rxd8+ Qxd8 31.Ke2 Qc8 32.a3 Ke7 33.h3 Kd8 34.Qe4 Kc7 35.Nh7 Qe8 36.Ng5 b5
37.Qd3 a6 38.Kd2 Kb6 39.Kc3 Qe7 40.Ne4 Qc7 41.Kb3 Kc6 42.Nc3 bxc4+ 43.Qxc4 Qb6+
44.Kc2 Qa5 45.Qe4+ Kc7 46.Qa8 c4 47.Qf8 Kd7 48.Ne4 Qa4+ 49.Kc1 Qc6 50.Qxf7+ Kc8
51.Nd6+ Kd8 52.Qf8+ Kc7 53.Qc8+ Kb6 54.Qb8+  1-0

[Event "2nd Norway Chess 2014"]
[Site "Stavanger NOR"]
[Date "2014.06.13"]
[Round "9.3"]
[White "Topalov,V"]
[Black "Aronian,L"]
[Result "1/2-1/2"]
[WhiteElo "2772"]
[BlackElo "2815"]

1.e4 e5 2.Nf3 Nc6 3.Bb5 Nf6 4.d3 Bc5 5.c3 O-O 6.O-O Re8 7.Bg5 h6 8.Bh4 Bf8
9.Nbd2 d6 10.Re1 Bd7 11.a4 g6 12.Nf1 Bg7 13.Ne3 Qc8 14.a5 a6 15.Bc4 Nd8 16.b4 Ne6
17.Qb3 Bb5 18.Bxf6 Bxf6 19.g3 Bxc4 20.Qxc4 Qd7 21.d4 exd4 22.cxd4 Qb5 23.Rac1 Bg7
24.h4 c5 25.bxc5 dxc5 26.dxc5 Rac8 27.Qxb5 axb5 28.Nd5 Ra8 29.e5 Rxa5 30.Nf6+ Bxf6
31.exf6 Raa8 32.Rb1 Nxc5 33.Rxe8+ Rxe8 34.Rxb5 Nd7 35.Rxb7 Nxf6 36.Rb2 h5
37.Kf1 Kg7 38.Re2 Rxe2 39.Kxe2 Kf8 40.Kf1 Ke7 41.Ke2  1/2-1/2